Statistics for Pick The Odd One Out - Countries

Click here to take the quiz!

General Stats

  • This quiz has been taken 65 times
  • The average score is 5 of 10

Answer Stats

QuestionAnswer% Correct
Countries with rectangular flagsNepal
89%
Countries with more than one Capital CityAustralia
73%
Most widespread Colonial PowersItaly
63%
Single-Border CountrieseSwatini
59%
Countries that might be considered part of EuropeLebanon
54%
UN countries with "Veto Power"Germany
48%
Scandinavian CountriesFinland
43%
Non-Secular Countries where Islam is the State religionTurkey
41%
Countries where spanish is NOT an OFFICIAL languageEq. Guinea
32%
Countries founded after the year 2000North Macedonia
30%

Score Distribution

Percentile by Number Answered

Percent of People with Each Score

Your Score History

You have not taken this quiz